ბათუმის შოთა რუსთაველის სახელმწიფო უნივერსიტეტის ბიბლიოთეკა

Возникновение И Развитие Земледелия / (ბიბ.ჩანაწერი № 60774)

000 -LEADER
fixed length control field 00602nam a22001457a 4500
005 - DATE AND TIME OF LATEST TRANSACTION
control field 20231019173443.0
008 - FIXED-LENGTH DATA ELEMENTS--GENERAL INFORMATION
fixed length control field 231019s1967 ru ||||| |||| 00| 0 rus d
041 ## - LANGUAGE CODE
Language code of text/sound track or separate title rus
080 ## - UNIVERSAL DECIMAL CLASSIFICATION NUMBER
Universal Decimal Classification number 631.5(091) B-64
245 ## - TITLE STATEMENT
Title Возникновение И Развитие Земледелия /
Statement of responsibility, etc. Ответственные Редакторы В. Д. Блаватский И А. В. Никитин.
264 ## - PRODUCTION, PUBLICATION, DISTRIBUTION, MANUFACTURE, AND COPYRIGHT NOTICE
Place of production, publication, distribution, manufacture москва :
Name of producer, publisher, distributor, manufacturer Наука,
Date of production, publication, distribution, manufacture, or copyright notice 1967.
300 ## - PHYSICAL DESCRIPTION
Extent 231 стр.:
Other physical details ил.;
Dimensions 20 см.
653 ## - INDEX TERM--UNCONTROLLED
keyword სოფლის მეურნეობის განვითარება.
942 ## - ADDED ENTRY ELEMENTS (KOHA)
Source of classification or shelving scheme
Koha item type წიგნი
ეგზემპლარები
Withdrawn status Lost status Source of classification or shelving scheme Damaged status Not for loan Permanent Location Current Location Shelving location Date acquired Cost, normal purchase price Full call number Barcode Date last seen Copy number Uniform Resource Identifier Price effective from Koha item type Public note
          ბათუმის შოთა რუსთაველის სახელმწიფო უნივერსიტეტის მთავარი ბიბლიოთეკა ბათუმის შოთა რუსთაველის სახელმწიფო უნივერსიტეტის მთავარი ბიბლიოთეკა წიგნსაცავი 2023-10-19 5.00 631.5(091) B-64 65344 2023-10-19 65344 ბსუ-ს საპატიო დოქტორის გურამ ლორთქიფანიძის საჩუქარი 2023-10-19 წიგნი 5 ლ.